Sustainable Solvents.

Exploring the solvent life cycle, this book provides a critical assessment on emerging solvents for academics and industrialists working with solvents, as well as policy-makers.

Bibliographic Details
Main Author: Clark, James H.
Other Authors: Hunt, Anw, Paggiola, Giulia, Sherwood, James, Topi, Corrado
Format: eBook
Language:English
Published: [Place of publication not identified] : National Book Network International : Royal Society of Chemistry, 2017.
Series:RSC green chemistry series ; 49.
Subjects:
Online Access:Connect to the full text of this electronic book

MARC

Tag First Indicator Second Indicator Subfields
LEADER 00000cam a2200000Ii 4500
001 in00004358421
005 20210305090318.0
006 m o d
007 cr cnu|||unuuu
008 170612s2017 xx o 000 0 eng d
019 |a 990031868 
020 |a 1782624031  |q (electronic bk.) 
020 |a 9781782624035  |q (electronic bk.) 
020 |z 1782623353 
020 |z 9781782623359 
035 |a (OCoLC)989872365  |z (OCoLC)990031868 
035 |a (OCoLC)ocn989872365 
035 |a 6432833 
040 |a N$T  |b eng  |e rda  |e pn  |c N$T  |d IDEBK  |d EBLCP  |d YDX  |d NLE  |d UKRSC  |d UIU  |d OCLCF  |d OCLCQ  |d MERER  |d OCLCQ  |d UKRSC  |d N$T  |d STF  |d OCLCQ  |d WYU  |d OCLCQ 
049 |a TXAM 
050 4 |a TP247.5 
072 7 |a SCI  |x 013050  |2 bisacsh 
082 0 4 |a 541.3482 
100 1 |a Clark, James H. 
245 1 0 |a Sustainable Solvents. 
264 1 |a [Place of publication not identified] :  |b National Book Network International :  |b Royal Society of Chemistry,  |c 2017. 
300 |a 1 online resource 
336 |a text  |b txt  |2 rdacontent 
337 |a computer  |b c  |2 rdamedia 
338 |a online resource  |b cr  |2 rdacarrier 
490 1 |a Green Chemistry Series ;  |v 49 
505 0 |a Cover; Sustainable Solvents: Perspectives from Research, Business and International Policy; Preface; Contents; Chapter 1 -- Introduction to Solvents and Sustainable Chemistry; 1.1 Sustainable Solutions; 1.2 Solvents; 1.2.1 Definition; 1.2.2 Types of Solvent and Their Origins; 1.2.3 Solvent Markets; 1.3 The Concept of Sustainability; 1.3.1 Overarching Definitions; 1.3.2 Sustainable Chemistry; 1.3.3 Relevance of Sustainability to Solvents; References; Chapter 2 -- Modern Trends in Solvent Use; 2.1 Policies, Regulation and Opportunities Influencing Solvent Use; 2.1.1 Push: Regulation 
505 8 |a 2.1.2 Pull: Green Solvents2.2 Pharmaceuticals; 2.2.1 Reaction Overview and Solvent Use in the Pharmaceutical Sector; 2.2.2 Acylation of Alcohols and Amines; 2.2.3 Heteroatom Alkylation; 2.2.4 Cross-Coupling Reactions; 2.2.5 Heterocycle Synthesis; 2.2.6 Peptide Synthesis; 2.2.7 Purity of Solvents and Products; 2.3 Process Research and Development for Fine Chemicals; 2.4 Polymers; 2.5 Paints and Coatings; 2.6 Construction Materials; 2.7 Materials for Energy Applications; 2.7.1 Lithium Ion Batteries; 2.7.2 Solar Cells and Organic Electronic Devices; 2.8 Graphene 
505 8 |a 2.9 Biomass, Natural Products and Biotechnology2.10 Leather; 2.11 Dry-Cleaning; References; Chapter 3 -- Sustainability Applied to Solvents; 3.1 Sustainability Assessment Methods and Approaches; 3.1.1 Life Cycle Assessment; 3.1.2 Alternative Tools for Environmental Sustainability Assessments; 3.1.3 Solvent Assessment Models; 3.1.3.1 Cumulative Energy Demand of Petrochemical Solvent Production; 3.1.3.2 Sustainability Indices; 3.2 Sustainability Standards and Certification; 3.2.1 Product Certification: RSB; 3.2.2 Product Certification: ISCC PLUS 
505 8 |a 3.2.3 Product Standardisation: Sustainability Criteria for Bio-Based Products3.2.4 Biomass Certification: Palm Oil; 3.2.5 Biomass Certification: Sustainable Forestry Products; 3.2.6 Biomass Certification: Sugar; 3.3 Published Examples of Sustainable Solvents; 3.3.1 Colloquial Statements of Solvent Sustainability; 3.3.2 Solvent Assessment Case Studies; 3.3.3 Biorefinery Case Studies; References; Chapter 4 -- Alternative Solvents; 4.1 Types of Bio-Based Solvent; 4.1.1 Carbohydrate-Derived Solvents Produced Using Biotechnology 
505 8 |a 4.1.2 Carbohydrate-Derived Solvents Produced Using Thermochemical Processes4.1.2.1 Cyrene (Circa Group); 4.1.3 Lignin-Derived Solvents; 4.1.4 Triglyceride-Derived Solvents; 4.1.5 Terpene-Derived Solvents; 4.1.6 Amino Acid-Derived Solvents; 4.1.7 Summary of Commercially Available Bio-Based Solvents; 4.2 Promotion of Bio-Based Solvents by Standards and Certification; 4.2.1 European Standard EN 16766; 4.2.2 Certification and Labelling; 4.2.2.1 DIN CERTCO; 4.2.2.2 VINÇOTTE; 4.2.2.3 USDA; 4.2.2.4 NEN; 4.3 Speciality Petrochemical Solvents; 4.3.1 Case Studies; 4.3.1.1 TamiSolve NxG (Eastman) 
520 |a Exploring the solvent life cycle, this book provides a critical assessment on emerging solvents for academics and industrialists working with solvents, as well as policy-makers. 
588 0 |a Vendor-supplied metadata. 
650 0 |a Green chemistry. 
650 0 |a Solvents  |x Environmental aspects. 
650 7 |a Green chemistry.  |2 fast  |0 (OCoLC)fst00912867 
650 7 |a SCIENCE  |x Chemistry  |x Physical & Theoretical.  |2 bisacsh 
650 7 |a Solvents  |x Environmental aspects.  |2 fast  |0 (OCoLC)fst01125680 
655 7 |a Electronic books.  |2 local 
700 1 |a Hunt, Anw. 
700 1 |a Paggiola, Giulia. 
700 1 |a Sherwood, James. 
700 1 |a Topi, Corrado. 
776 0 8 |i Print version:  |a Clark, James H.  |t Sustainable Solvents.  |d [Place of publication not identified] : National Book Network International : Royal Society of Chemistry, 2017  |z 9781782623359  |z 1782623353  |w (OCoLC)964599623 
830 0 |a RSC green chemistry series ;  |v 49. 
856 4 0 |u http://proxy.library.tamu.edu/login?url=https://dx.doi.org/10.1039/9781782624035  |z Connect to the full text of this electronic book  |t 0 
955 |a RSC eBooks 
994 |a 92  |b TXA 
999 f f |s 462cd1c8-a82e-31b7-b9dc-3a00ba36f335  |i 4a9a1389-99cc-3257-aa61-7a2d2af287ae  |t 0 
952 f f |a Texas A&M University  |b College Station  |c Electronic Resources  |d Available Online  |t 0  |e TP247.5  |h Library of Congress classification 
998 f f |a TP247.5  |t 0  |l Available Online